| 000 | 00665cam a22001691 4500 | ||
|---|---|---|---|
| 082 |
_a358.00941 _bOUR |
||
| 245 | 0 | 0 |
_aOur air force. _bWith 16 plates in colour. Over 100 photographs of activities and life in the Royal air force. |
| 260 |
_aLondon, _aMelbourne, _bWard, Lock & co., limited _c[1940] |
||
| 300 |
_a128 p. _bcol. front., illus., col. plates. _c25 x 19 cm. |
||
| 500 | _a"First published 1940." | ||
| 526 |
_a0 _b0 _c0 _d358_009410000000000_OUR |
||
| 650 | 0 |
_aAeronautics _xJuvenile literature. _949838 |
|
| 650 | 0 |
_aAeronautics, Military _zGreat Britain. _949085 |
|
| 650 | 0 |
_aMCE _9379 |
|
| 710 | 2 |
_aWard, Lock and Company, ltd. _949839 |
|
| 942 |
_2ddc _cBK |
||
| 999 |
_c552586 _d552586 |
||